000 00582cam a2200217 a 4500
001 4732822
005 20180206034350.0
008 840629s1985 maua b 001 0 eng
010 _a 84015412
020 _a0534041078
040 _aDLC
_cDLC
_dDLC
041 _aeng
080 _a658.4030
082 0 0 _a658.4030 DAV
_219
100 1 _a54
101 _aLID
245 1 0 _aBusiness research for decision making /
_cDuane Davis, Robert M. Cosenza.
504 _aIncludes bibliographies and index.
906 _a7
_bcbc
_corignew
_d1
_eocip
_f19
_gy-gencatlg
942 _2ddc
_cBK
999 _c41854
_d41854